| 000 | 00399nam a2200181Ia 4500 | ||
|---|---|---|---|
| 003 | 0STCL | ||
| 008 | 150530s9999 xx 000 0 und d | ||
| 040 |
_aSTCL _cSTCL |
||
| 100 | _aAbraham, T.M. | ||
| 245 | _aPerumthachan | ||
| 250 | _a6 | ||
| 260 |
_bC.I.C.C. Book House; Cochin _c1994 |
||
| 300 | _a0 | ||
| 546 | _aMalayalam | ||
| 942 |
_2ddc _cBK |
||
| 999 |
_c49224 _d49224 |
||
| 005 | 20220125170759.0 | ||